| 000 | 00409nam a22001577a 4500 | ||
|---|---|---|---|
| 020 | _a9781292153599 | ||
| 082 | _a004.6 KUR | ||
| 100 |
_aKurose, James F. _917964 |
||
| 245 | _aComputer networking: a top-down approach | ||
| 250 | _a7th | ||
| 260 |
_aIndia _bPearson _c2019 |
||
| 300 | _a852 P | ||
| 650 |
_aComputer Networking A Top-Down Approach _972904 |
||
| 700 |
_aRoss, Keith W. _972905 |
||
| 942 | _cBK | ||
| 999 |
_c578871 _d578871 |
||